Návrh riešenia na zlepšenie riadenia Major CAPEX projektov v spoločnosti SLOVNAFT, a.s., s využitím agilných prístupov riadenia

Salvato in:
Dettagli Bibliografici
Autore principale: Zakhar, Ronald (Autore)
Altri autori: Samáková, Jana (Relatore della tesi)
Natura: Manoscritto Libro
Lingua:slovacco
Pubblicazione: 2025
Soggetti:
Accesso online:http://is.stuba.sk/zp/portal_zp.pl?podrobnosti=186075
Tags: Aggiungi Tag
Nessun Tag, puoi essere il primo ad aggiungerne!!

MARC

LEADER 00000ntm a22000003a 4500
001 stuzp104287
003 SK-STU
005 20250614212859.3
007 ta
008 150427s2015----xo-----f-mn---000-0-slo-d
040 |a STU  |b slo 
041 0 |a slo 
100 1 |a Zakhar, Ronald  |u 064000  |4 aut  |U MTF Materiálovotechnologická fakulta  |T MTF Ústav priemyselného inžinierstva a manažmentu  |X 69351  |U M4000  |Y 84  |7 A0000069351 
242 0 1 |a Proposal of a solution to improve the management of Major CAPEX projects in SLOVNAFT, a.s., using agile management approaches  |y eng 
245 1 0 |a Návrh riešenia na zlepšenie riadenia Major CAPEX projektov v spoločnosti SLOVNAFT, a.s., s využitím agilných prístupov riadenia 
260 |c 2025 
650 4 |a Scrum  |2 eng 
650 4 |a Kanban  |2 eng 
650 4 |a Gantt chart  |2 eng 
650 4 |a Asana  |2 eng 
650 4 |a agile project management  |2 eng 
650 4 |a Scrum  |2 slo 
650 4 |a Kanban  |2 slo 
650 4 |a Ganttov diagram  |2 slo 
650 4 |a Asana  |2 slo 
650 4 |a agilný projektový manažment  |2 slo 
700 1 |a Samáková, Jana  |u 064000  |k Z1  |4 ths  |U MTF Materiálovotechnologická fakulta  |T MTF Ústav priemyselného inžinierstva a manažmentu  |X 33101  |U M4000  |Y 84  |7 A000033101 
856 4 |u http://is.stuba.sk/zp/portal_zp.pl?podrobnosti=186075 
996 |c M* DP-15677  |l MMSKP  |s P  |a 0  |w stuzp104287_0001